Un reto a la legitimidad de las Organizaciones No Gubernamentales (ONG)
Ahora que la comunidad internacional empieza a tomar conciencia de la dimensión de la crisis centroamericana y lo fundamental de la ayuda externa para la región; se comienza a valorar paralelamente la importancia y las experiencias de las ONG, así como el hecho de que estas puedan asumir un papel pr...
保存先:
| フォーマット: | テキスト |
|---|---|
| 主題: | |
| タグ: |
タグ追加
タグなし, このレコードへの初めてのタグを付けませんか!
|
MARC
| LEADER | 00000 a a2200000 04500 | ||
|---|---|---|---|
| 001 | 8293 | ||
| 003 | |||
| 040 | |||
| 245 | |a Un reto a la legitimidad de las Organizaciones No Gubernamentales (ONG) | ||
| 520 | |a Ahora que la comunidad internacional empieza a tomar conciencia de la dimensión de la crisis centroamericana y lo fundamental de la ayuda externa para la región; se comienza a valorar paralelamente la importancia y las experiencias de las ONG, así como el hecho de que estas puedan asumir un papel protagónico ante las nuevas estrategias de desarrollo y preservar a la vez su propia identidad e independencia, acción crítica y de sensibilización en el seno de sus países y el de apoyo al necesario cambio social en los países donde funcionan. Ante su éxito muchos gobiernos a través de políticas oficiales pretenden regular las actividades de las ONGs, en lo que se vislumbra como una política de domesticación y enmarcar dentro de proyectos de desarrollo nacionales, lo cual podría afectar la creatividad de dichos organismos y les plantea a su vez el reto de ser protagonistas de una estrategia de desarrollo. VB/JM. | ||
| 650 | |a ORGANIZACIONES NO GUBERNAMENTALES | ||
| 650 | |a ESTRATEGIA DEL DESARROLLO | ||
| 650 | |a PAISES EN DESARROLLO | ||
| 650 | |a COOPERACION INTERNACIONAL | ||
| 650 | |a PROYECTOS DE DESARROLLO | ||
| 773 | |g número 1; páginas 5-8 | ||
| 999 | |c 37202 |d 37202 | ||
| 773 | 0 | |0 43152 |9 4612 |a Centro de Documentación e Investigaciones sobre los países en desarrollo |d Bilbao, España: Centro de Documentación e Investigaciones sobre los países en desarrollo |o MFN: 0617 |t HAIZE HEGOA/ | |
